00333nam a22001217a 4500003000400000020001800004082001800022100002300040245002600063260007500089300001200164650003500176SGT a9780323393485 a617.525bD15M aMichael A. Kleiman aDentoalveolar Surgery aPhiladelphia, United StatesbElsevier - Health Sciences Divisionc2015 a345-478 aOral and Maxillofacial Surgery